|
|
|
|
| LEADER |
00597nam a22001817a 4500 |
| 003 |
OSt |
| 020 |
|
|
|a 9781422133316
|
| 082 |
|
|
|a 658.812
|b FRE/UN
|
| 100 |
|
|
|a Frances Frei
|
| 245 |
|
|
|a Un Common Service
|b How to win by putting customers at the core of your business
|
| 250 |
|
|
|a 1st
|
| 260 |
|
|
|a Massachusetts
|b Harvard Business Review Press
|c 2012
|
| 300 |
|
|
|a 247
|
| 650 |
|
|
|a Getting Bigger
|
| 700 |
|
|
|a Anne Morriss
|
| 942 |
|
|
|2 ddc
|c BK
|
| 999 |
|
|
|c 188998
|d 188998
|
| 952 |
|
|
|0 0
|1 0
|2 ddc
|4 0
|6 658_812000000000000_FRE_UN
|7 0
|9 195145
|a KAUCBV
|b KAUCBV
|d 2015-05-05
|g 0.00
|o 658.812 FRE/UN
|r 2015-05-05
|w 2015-05-05
|y BK
|